| 000 | 00000nam##2200000za#4500 |
| 001 | 9.642243 |
| 003 | CaOODSP |
| 005 | 20210624223614 |
| 007 | cr ||||||||||| |
| 008 | 150407|1974||||xxc|||||o f|0| 0 fre|d |
| 040 | |aCaOODSP|bfre |
| 043 | |an-cn--- |
| 086 | 1 |aA53-1336/1974F-PDF |
| 110 | 1 |aCanada.|bAgriculture Canada. |bDirection générale de recherche. |
| 245 | 10|aÉvaluation des legumes cultives dans la région Arctique de l'est du Canada / |h[ressource électronique]|c[par] F.S. Nowosad, J.D. Warren, I. Hoffman et R.B. Carson. |
| 260 | |aOttawa - Ontario : |bAgriculture Canada. |c1974. |
| 300 | |a56p.|bfigures, références, tableaux, photographies |
| 500 | |aPublication historique numérisée par Agriculture et Agroalimentaire Canada. |
| 590 | |a13-17-Supp|b2013-07-25 |
| 691 | 07|aCultures maraîchères|2gcpds |
| 691 | 07|aExploitation agricole|2gcpds |
| 691 | 07|aNord canadien|2gcpds |
| 775 | 08|tAn evaluation of vegetables grown in the eastern Arctic region of Canada / |w(CaOODSP)9.697597 |
| 856 | 40|ahttp://publications.gc.ca|qPDF|s3.47 Mo|uhttps://publications.gc.ca/collections/collection_2013/aac-aafc/agrhist/A53-1336-1974-fra.pdf |
| 986 | |a1336 |